000 01681nam a2200181Ia 4500
005 20260302161943.0
008 260302s9999 xx 000 0 und d
020 _a9781843765837
082 _a339.5
_bARE
100 _aArestis, Philip
245 0 _aRe-examining Monetary and Fiscal Policy for the 21st Century /
_cArestis, Philip; Sawyer, Malcolm C.
260 _bEdward Elgar Publishing,
_c2004
300 _a232 pages
520 _aThis book provides a much-needed re-examination of monetary and fiscal policies, their application in the real world and their potential for macroeconomic policy in the 21st century. It provides a detailed discussion and critique of the 'new consensus' in macroeconomics along with the monetary and fiscal policies encapsulated within it. The authors argue that monetary policy is an ineffective means of controlling inflation and, if not used properly, can also have detrimental effects on the supply-side of the economy. They further contend that fiscal policy remains a potent instrument for influencing aggregate demand. Using detailed analysis the authors emphasise the role of capacity constraints as possible inflation barriers and argue against the NAIRU as a labour market phenomenon. The book concludes by critically examining the economic policies of the European Economic and Monetary Union. Written by two of the leading scholars in the field, this provocative new volume is concise, well argued and rich in new insights. It will interest all those concerned with the current problems and future development of monetary and fiscal policy.
650 _aBusiness & Economics
700 _aSawyer, Malcolm C.
942 _cENGLISH
999 _c616740
_d616740